[Event "Trumpeter op"]
[Site "Grande Prairie CAN"]
[Date "2009.02.01"]
[Round "4"]
[White "Sequillion, Aaron"]
[Black "Robertson, Archie"]
[Result "1-0"]
[WhiteElo "1893"]
[BlackElo "1801"]
[PlyCount "73"]
[GameId "2160767910264928"]
[EventDate "2009.01.31"]
[EventType "swiss"]
[EventRounds "5"]
[EventCountry "CAN"]
[SourceTitle "EXT 2011"]
[Source "ChessBase"]
[SourceDate "2011.11.26"]
[SourceVersion "1"]
[SourceVersionDate "2011.11.26"]
[SourceQuality "1"]

1. e4 d5 2. exd5 Qxd5 3. Nc3 Qd8 4. d4 Nf6 5. Nf3 Bg4 6. Be2 e6 7. h3 Bh5 8. Bg5 Be7 9. Qd2 Nbd7 10. O-O-O O-O 11. g4 Bg6 12. Nh4 c5 13. Nxg6 fxg6 14. Bc4 Nd5 15. Bxe7 Qxe7 16. Nxd5 exd5 17. Bxd5+ Kh8 18. Bxb7 Rab8 19. Bc6 Nf6 20. Rhe1 Qc7 21. d5 Ne8 22. Bxe8 Rfxe8 23. Rxe8+ Rxe8 24. d6 Qf7 25. d7 Rd8 26. Kb1 Kg8 27. Qd5 c4 28. Kc1 h5 29. Qxf7+ Kxf7 30. Rd4 Kf6 31. Kd2 Kg5 32. gxh5 gxh5 33. Kc3 Kf5 34. Kxc4 Ke6 35. b4 Rxd7 36. Rxd7 Kxd7 37. Kd5 1-0

[Event "Trumpeter op"]
[Site "Grande Prairie CAN"]
[Date "2009.02.01"]
[Round "4"]
[White "Zeggelaar, Mike"]
[Black "Pradzinski, Tim"]
[Result "0-1"]
[WhiteElo "1825"]
[BlackElo "1907"]
[PlyCount "66"]
[GameId "2160767910264929"]
[EventDate "2009.01.31"]
[EventType "swiss"]
[EventRounds "5"]
[EventCountry "CAN"]
[SourceTitle "EXT 2011"]
[Source "ChessBase"]
[SourceDate "2011.11.26"]
[SourceVersion "1"]
[SourceVersionDate "2011.11.26"]
[SourceQuality "1"]

1. Nc3 Nf6 2. a3 d5 3. d4 g6 4. Nf3 Bg7 5. Bf4 a6 6. e3 O-O 7. Bd3 Nc6 8. O-O Nh5 9. Bg3 Nxg3 10. hxg3 Bg4 11. Qd2 e5 12. Nh2 Be6 13. dxe5 Nxe5 14. Be2 Nc4 15. Qe1 Nxb2 16. Rb1 Bxc3 17. Qxc3 Na4 18. Qd4 b5 19. Nf3 Qd6 20. Ng5 h6 21. Nf3 Qxa3 22. Qh4 Kg7 23. Rb4 c5 24. Rf4 Qc3 25. g4 Nb2 26. g5 Rh8 27. Nd4 cxd4 28. gxh6+ Rxh6 29. Qf6+ Kh7 30. Rb1 Qxc2 31. Re1 Rc8 32. Qxd4 Qxe2 33. Qh8+ Kxh8 0-1

[Event "Trumpeter op"]
[Site "Grande Prairie CAN"]
[Date "2009.02.01"]
[Round "5"]
[White "Deimert, Elroy"]
[Black "Panteluk, Steven"]
[Result "1-0"]
[WhiteElo "1532"]
[BlackElo "1750"]
[PlyCount "67"]
[GameId "2160767910264930"]
[EventDate "2009.01.31"]
[EventType "swiss"]
[EventRounds "5"]
[EventCountry "CAN"]
[SourceTitle "EXT 2011"]
[Source "ChessBase"]
[SourceDate "2011.11.26"]
[SourceVersion "1"]
[SourceVersionDate "2011.11.26"]
[SourceQuality "1"]

1. e4 e5 2. Nf3 Nc6 3. Nc3 d6 4. Bb5 Bd7 5. d4 a6 6. Bc4 h6 7. dxe5 dxe5 8. O-O Nf6 9. a3 Bc5 10. Qe2 O-O 11. Be3 Nd4 12. Bxd4 exd4 13. Nd5 b5 14. Bb3 Re8 15. e5 Nxd5 16. Bxd5 c6 17. Bb3 Bg4 18. Rad1 Qe7 19. Rfe1 Bb6 20. Qe4 Bxf3 21. Qxf3 c5 22. Bd5 Ra7 23. e6 f6 24. Qf5 Qd6 25. e7+ Kh8 26. Be4 g6 27. Qxg6 Raxe7 28. Qxh6+ Kg8 29. Bh7+ Rxh7 30. Rxe8+ Kf7 31. Qxh7+ Kxe8 32. Re1+ Kd8 33. Qf7 Bc7 34. Re8# 1-0

[Event "Trumpeter op"]
[Site "Grande Prairie CAN"]
[Date "2009.02.01"]
[Round "5"]
[White "Longson, Stan"]
[Black "Lefkowitz, Phil"]
[Result "0-1"]
[WhiteElo "1406"]
[BlackElo "1681"]
[PlyCount "45"]
[GameId "2160767910264931"]
[EventDate "2009.01.31"]
[EventType "swiss"]
[EventRounds "5"]
[EventCountry "CAN"]
[SourceTitle "EXT 2011"]
[Source "ChessBase"]
[SourceDate "2011.11.26"]
[SourceVersion "1"]
[SourceVersionDate "2011.11.26"]
[SourceQuality "1"]

1. d4 e6 2. Nf3 Be7 3. c4 c6 4. Nc3 d5 5. e3 Nf6 6. a3 O-O 7. cxd5 cxd5 8. Bd3 b6 9. O-O Ba6 10. Qe2 Bxd3 11. Qxd3 Nc6 12. b4 Rc8 13. Bb2 Qd7 14. Rac1 Rfe8 15. Rc2 Bd6 16. Qb5 Qb7 17. Rfc1 a6 18. Qe2 b5 19. Qd3 Bxb4 20. e4 Bxc3 21. e5 Bxb2 22. exf6 Bxc1 23. Rxc1 0-1

[Event "Trumpeter op"]
[Site "Grande Prairie CAN"]
[Date "2009.02.01"]
[Round "5"]
[White "Moloney, Nicholas"]
[Black "Caughlin, Wade"]
[Result "1-0"]
[WhiteElo "2199"]
[BlackElo "1788"]
[PlyCount "113"]
[GameId "2160767910264932"]
[EventDate "2009.01.31"]
[EventType "swiss"]
[EventRounds "5"]
[EventCountry "CAN"]
[SourceTitle "EXT 2011"]
[Source "ChessBase"]
[SourceDate "2011.11.26"]
[SourceVersion "1"]
[SourceVersionDate "2011.11.26"]
[SourceQuality "1"]

1. d4 Nf6 2. Bg5 Ne4 3. Bh4 d5 4. f3 Nd6 5. e3 Nc4 6. Bxc4 dxc4 7. c3 b5 8. Nd2 Bb7 9. Ne2 Qd6 10. O-O Qh6 11. Bf2 e6 12. e4 Be7 13. a4 c6 14. b3 cxb3 15. Nxb3 Nd7 16. axb5 cxb5 17. Qd3 a6 18. Na5 Bc8 19. Be3 Qf6 20. c4 bxc4 21. Qxc4 O-O 22. Rfb1 Bd8 23. Qc6 Bxa5 24. Qxa8 Nb6 25. Qa7 Nc4 26. Qc5 Nxe3 27. Rxa5 Bd7 28. Qc3 Qh6 29. Ra3 Nxg2 30. Kxg2 Rc8 31. Qe3 Qh5 32. Rc3 Ra8 33. Qf4 h6 34. Rb8+ Rxb8 35. Qxb8+ Kh7 36. Qe5 Qh4 37. Rc7 Qe1 38. Rxd7 Qxe2+ 39. Kg3 Qe1+ 40. Kg4 Qg1+ 41. Qg3 Qe3 42. Kh3 Kg8 43. d5 exd5 44. exd5 Qd3 45. Rd8+ Kh7 46. d6 g5 47. d7 Qf1+ 48. Qg2 Qd3 49. Qf2 h5 50. Kg2 h4 51. h3 Qd6 52. f4 Qe7 53. Re8 Qxd7 54. Re3 Qd5+ 55. Rf3 Qd8 56. Qe2 Qd7 57. Qd3+ 1-0

[Event "Trumpeter op"]
[Site "Grande Prairie CAN"]
[Date "2009.02.01"]
[Round "5"]
[White "Nisbet, Rob"]
[Black "Schech, Roland"]
[Result "1-0"]
[WhiteElo "1737"]
[BlackElo "1652"]
[PlyCount "91"]
[GameId "2160767910264933"]
[EventDate "2009.01.31"]
[EventType "swiss"]
[EventRounds "5"]
[EventCountry "CAN"]
[SourceTitle "EXT 2011"]
[Source "ChessBase"]
[SourceDate "2011.11.26"]
[SourceVersion "1"]
[SourceVersionDate "2011.11.26"]
[SourceQuality "1"]

1. e4 Nf6 2. d3 d6 3. g3 g6 4. Bg2 Bg7 5. Ne2 O-O 6. Nbc3 c5 7. O-O Nc6 8. h3 Bd7 9. Be3 Qc8 10. Kh2 Ne5 11. f4 Neg4+ 12. hxg4 Nxg4+ 13. Kg1 Nxe3 14. Qd2 Bd4 15. Nxd4 cxd4 16. Nd5 Nxd5 17. exd5 Re8 18. Rf2 Bh3 19. Qb4 Bxg2 20. Kxg2 Qc5 21. Qxc5 dxc5 22. Re1 e6 23. Rfe2 Kf8 24. dxe6 fxe6 25. Rxe6 Rxe6 26. Rxe6 Kf7 27. Re5 b6 28. Kf3 Rd8 29. Ke4 Rd6 30. g4 Re6 31. g5 Rxe5+ 32. Kxe5 Ke7 33. Kd5 a5 34. a4 Kd7 35. b3 Ke7 36. Kc6 Ke6 37. Kxb6 Kf5 38. Kxa5 Kxf4 39. Kb5 Kxg5 40. a5 Kf4 41. a6 Ke3 42. a7 Kd2 43. a8=Q Kxc2 44. Kc4 Kd2 45. Qg2+ Ke3 46. Qh3+ 1-0

[Event "Trumpeter op"]
[Site "Grande Prairie CAN"]
[Date "2009.02.01"]
[Round "5"]
[White "Pradzinski, Tim"]
[Black "Sequillion, Aaron"]
[Result "1-0"]
[WhiteElo "1907"]
[BlackElo "1893"]
[PlyCount "69"]
[GameId "2160767910264934"]
[EventDate "2009.01.31"]
[EventType "swiss"]
[EventRounds "5"]
[EventCountry "CAN"]
[SourceTitle "EXT 2011"]
[Source "ChessBase"]
[SourceDate "2011.11.26"]
[SourceVersion "1"]
[SourceVersionDate "2011.11.26"]
[SourceQuality "1"]

1. e4 c5 2. Nf3 Nc6 3. d4 cxd4 4. Nxd4 e5 5. Nxc6 bxc6 6. Bc4 Nf6 7. Nc3 Bb4 8. Qe2 O-O 9. O-O Bxc3 10. bxc3 d5 11. exd5 cxd5 12. Rd1 Qa5 13. Bb3 e4 14. h3 Qxc3 15. Be3 Be6 16. Bd4 Qc6 17. Bxf6 gxf6 18. Qh5 Rad8 19. Qh6 Bf5 20. Rd4 Rd6 21. Rad1 Rfd8 22. h4 Kh8 23. Qf4 Bc8 24. c4 f5 25. Rxd5 Rxd5 26. Rxd5 Rxd5 27. cxd5 Qd7 28. Qe5+ Kg8 29. d6 h5 30. Qf6 a5 31. Qg5+ Kf8 32. Qxh5 Kg7 33. Qg5+ Kh7 34. Qf6 a4 35. Bxf7 1-0

[Event "Trumpeter op"]
[Site "Grande Prairie CAN"]
[Date "2009.02.01"]
[Round "5"]
[White "Robertson, Archie"]
[Black "Zeggelaar, Mike"]
[Result "0-1"]
[WhiteElo "1801"]
[BlackElo "1825"]
[PlyCount "86"]
[GameId "2160767910264935"]
[EventDate "2009.01.31"]
[EventType "swiss"]
[EventRounds "5"]
[EventCountry "CAN"]
[SourceTitle "EXT 2011"]
[Source "ChessBase"]
[SourceDate "2011.11.26"]
[SourceVersion "1"]
[SourceVersionDate "2011.11.26"]
[SourceQuality "1"]

1. e4 e6 2. d4 d5 3. exd5 exd5 4. Nf3 Bd6 5. Nc3 Ne7 6. Bg5 f6 7. Be3 Nbc6 8. Bd3 a6 9. h3 Be6 10. Qe2 Nb4 11. O-O-O O-O 12. a3 Nxd3+ 13. Qxd3 b5 14. g4 b4 15. axb4 Bxb4 16. g5 Bf5 17. Qd2 Be4 18. gxf6 Bxf3 19. fxe7 Qxe7 20. Bg5 Bxc3 21. Bxe7 Bxd2+ 22. Rxd2 Rf7 23. Re1 Re8 24. Rd3 Be4 25. Rde3 Rxf2 26. Bb4 Rxc2+ 27. Kd1 Rxb2 28. Bc5 Rb1+ 29. Kd2 Rxe1 30. Rxe1 Re6 31. Rf1 Rf6 32. Rxf6 gxf6 33. Ke3 Kf7 34. Bb4 Ke6 35. Kf4 Kd7 36. h4 Kc6 37. Be7 f5 38. Bb4 Kb5 39. Bd2 a5 40. Kg5 a4 41. Kh6 a3 42. Kxh7 f4+ 43. Kg7 f3 0-1

[Event "Trumpeter op"]
[Site "Grande Prairie CAN"]
[Date "2009.02.01"]
[Round "5"]
[White "Stutzman, Larry"]
[Black "Miller, David"]
[Result "0-1"]
[WhiteElo "1642"]
[BlackElo "1365"]
[PlyCount "78"]
[GameId "2160767910264936"]
[EventDate "2009.01.31"]
[EventType "swiss"]
[EventRounds "5"]
[EventCountry "CAN"]
[SourceTitle "EXT 2011"]
[Source "ChessBase"]
[SourceDate "2011.11.26"]
[SourceVersion "1"]
[SourceVersionDate "2011.11.26"]
[SourceQuality "1"]

1. c4 e5 2. Nc3 Nf6 3. g3 c6 4. Bg2 d5 5. e3 Be6 6. cxd5 cxd5 7. a3 Nc6 8. Nf3 h6 9. b4 e4 10. Ng1 Ne5 11. d4 Nd3+ 12. Kf1 Ng4 13. Ra2 Rc8 14. Rc2 Ngxf2 15. Rxf2 Nxf2 16. Kxf2 Rxc3 17. Ne2 Rc6 18. Rf1 Bg4 19. Qa4 a6 20. h3 Bxe2 21. Kxe2 b5 22. Qb3 Rc4 23. Bd2 Bd6 24. g4 O-O 25. Rf5 Bg3 26. Qd1 Rc6 27. Qg1 Bh4 28. Qd1 Rf6 29. Rf4 g5 30. Rf1 Rxf1 31. Qxf1 Kg7 32. Bc3 Qf6 33. Qg1 Rc8 34. Kd2 Qf2+ 35. Qxf2 Bxf2 36. Bxe4 dxe4 37. d5+ Kf8 38. d6 Rd8 39. Ke2 Bg3 0-1

[Event "Trumpeter op"]
[Site "Grande Prairie CAN"]
[Date "2009.02.01"]
[Round "5"]
[White "Wong, Ford"]
[Black "Johnson, Dean"]
[Result "1/2-1/2"]
[WhiteElo "1778"]
[BlackElo "1782"]
[PlyCount "104"]
[GameId "2160767910264937"]
[EventDate "2009.01.31"]
[EventType "swiss"]
[EventRounds "5"]
[EventCountry "CAN"]
[SourceTitle "EXT 2011"]
[Source "ChessBase"]
[SourceDate "2011.11.26"]
[SourceVersion "1"]
[SourceVersionDate "2011.11.26"]
[SourceQuality "1"]

1. d4 d5 2. c4 dxc4 3. Nc3 e5 4. d5 c6 5. e4 Nf6 6. Bg5 Bc5 7. Bxf6 Qxf6 8. Nf3 b5 9. dxc6 Qxc6 10. Nxe5 Qb6 11. Qf3 Be6 12. Be2 Nc6 13. Nxc6 Qxc6 14. e5 Qxf3 15. Bxf3 Rb8 16. Bc6+ Bd7 17. Bxd7+ Kxd7 18. O-O-O+ Ke6 19. f3 Rhc8 20. Rhe1 Bb4 21. a3 Bxc3 22. bxc3 Rd8 23. f4 h6 24. Kc2 g5 25. g3 gxf4 26. gxf4 Rxd1 27. Rxd1 Rb6 28. Rd4 f6 29. exf6 Kxf6 30. Rd5 a6 31. Kd2 Re6 32. Rh5 Rd6+ 33. Kc2 Kg6 34. Rc5 Rf6 35. Kd1 Rxf4 36. Ke2 Rf5 37. Rc6+ Rf6 38. Rc5 Re6+ 39. Kf3 Rd6 40. Ke4 Rd3 41. Rc6+ Kg5 42. Rxa6 Rxc3 43. Ra5 Kg4 44. Rxb5 Rxa3 45. Rb2 Rb3 46. Rc2 c3 47. Kd3 Rb2 48. Rxc3 Rxh2 49. Ke4 h5 50. Rc7 Re2+ 51. Kd3 Re1 52. Rg7+ Kh4 1/2-1/2

[Event "Trumpeter op"]
[Site "Grande Prairie CAN"]
[Date "2009.02.01"]
[Round "5"]
[White "Yearwood, Roy"]
[Black "Quiring, John"]
[Result "1-0"]
[WhiteElo "2075"]
[BlackElo "1830"]
[PlyCount "43"]
[GameId "2160767910264938"]
[EventDate "2009.01.31"]
[EventType "swiss"]
[EventRounds "5"]
[EventCountry "CAN"]
[SourceTitle "EXT 2011"]
[Source "ChessBase"]
[SourceDate "2011.11.26"]
[SourceVersion "1"]
[SourceVersionDate "2011.11.26"]
[SourceQuality "1"]

1. Nc3 g6 2. e4 d6 3. d4 Bg7 4. Be3 c6 5. Qd2 b5 6. O-O-O a6 7. f4 Nf6 8. e5 Ng4 9. h3 Nxe3 10. Qxe3 d5 11. Bd3 Qa5 12. Kb1 e6 13. Nf3 Nd7 14. Nd2 Qc7 15. g4 Nb6 16. f5 b4 17. Ne2 a5 18. Nb3 Ba6 19. Nc5 Bc8 20. Rhf1 Nc4 21. Qg5 a4 22. fxe6 1-0

[Event "Unisource IV"]
[Site "Montreal CAN"]
[Date "2009.02.27"]
[Round "1"]
[White "Caceres Cortes, Julio"]
[Black "Morissette, Jean-Sebastien"]
[Result "0-1"]
[WhiteElo "1992"]
[BlackElo "1990"]
[PlyCount "78"]
[GameId "2160767910239935"]
[EventDate "2009.02.27"]
[EventType "tourn"]
[EventRounds "5"]
[EventCountry "CAN"]
[SourceTitle "EXT 2011"]
[Source "ChessBase"]
[SourceDate "2011.11.26"]
[SourceVersion "1"]
[SourceVersionDate "2011.11.26"]
[SourceQuality "1"]

1. e4 Nf6 2. e5 Nd5 3. d4 d6 4. Nf3 Bg4 5. Be2 c6 6. O-O Bxf3 7. Bxf3 dxe5 8. dxe5 e6 9. c4 Ne7 10. Qxd8+ Kxd8 11. b3 Ng6 12. Bb2 Nd7 13. Re1 Bb4 14. Re3 Kc7 15. a3 Be7 16. Bh5 Bg5 17. Re1 Nc5 18. Bxg6 hxg6 19. g3 Nxb3 20. Ra2 Nc5 21. f4 Be7 22. Bd4 Rhd8 23. Be3 Rd3 24. Nd2 Rad8 25. Nf3 Na4 26. Kg2 Bc5 27. Bxc5 Nxc5 28. Ng5 R8d7 29. Kh3 Kd8 30. Ree2 Ke7 31. Kg4 R7d4 32. Rec2 Rb3 33. Nf3 Rdd3 34. Nd2 Rxa3 35. Rab2 a5 36. Rb6 a4 37. Rcb2 f6 38. Rxb7+ Nxb7 39. Rxb7+ Rd7 0-1

[Event "Unisource IV"]
[Site "Montreal CAN"]
[Date "2009.02.27"]
[Round "1"]
[White "Gauthier, Luc"]
[Black "Cote-Lalumiere, Tristan"]
[Result "0-1"]
[WhiteElo "1621"]
[BlackElo "1603"]
[PlyCount "88"]
[GameId "2160767910239936"]
[EventDate "2009.02.27"]
[EventType "tourn"]
[EventRounds "5"]
[EventCountry "CAN"]
[SourceTitle "EXT 2011"]
[Source "ChessBase"]
[SourceDate "2011.11.26"]
[SourceVersion "1"]
[SourceVersionDate "2011.11.26"]
[SourceQuality "1"]

1. e4 e6 2. d4 d5 3. e5 c5 4. c3 Nc6 5. Nf3 Bd7 6. Bd3 Rc8 7. O-O Qb6 8. Re1 cxd4 9. cxd4 Nxd4 10. Nxd4 Qxd4 11. Nc3 Qb6 12. a3 Bc5 13. Qe2 Ne7 14. Bd2 Ng6 15. Nd1 Bd4 16. Nc3 O-O 17. Be3 Bxe3 18. fxe3 d4 19. Nd1 dxe3 20. Bxg6 hxg6 21. Nxe3 Bb5 22. Qf2 Bd3 23. Kh1 Rfd8 24. Qh4 Rd4 25. Qg5 Qd8 26. Qxd8+ Rcxd8 27. h3 Be4 28. Kg1 Rd2 29. Rad1 Bc6 30. b4 R8d3 31. Ra1 Rb2 32. Kh2 Rdd2 33. Rg1 Re2 34. Rae1 Rxe1 35. Rxe1 Ra2 36. Rd1 Rxa3 37. Rd8+ Kh7 38. Ng4 Ra2 39. Kg1 Rxg2+ 40. Kf1 Rg3 41. Rf8 Rxh3 42. Nf6+ gxf6 43. Rxf7+ Kg8 44. Rxf6 Rf3+ 0-1

[Event "Unisource IV"]
[Site "Montreal CAN"]
[Date "2009.02.27"]
[Round "1"]
[White "Lalumiere, Claude"]
[Black "Dumont, Felix"]
[Result "1-0"]
[WhiteElo "1840"]
[BlackElo "1748"]
[PlyCount "49"]
[GameId "2160767910239937"]
[EventDate "2009.02.27"]
[EventType "tourn"]
[EventRounds "5"]
[EventCountry "CAN"]
[SourceTitle "EXT 2011"]
[Source "ChessBase"]
[SourceDate "2011.11.26"]
[SourceVersion "1"]
[SourceVersionDate "2011.11.26"]
[SourceQuality "1"]

1. e4 c5 2. Nf3 d6 3. d4 cxd4 4. Nxd4 Nf6 5. Nc3 a6 6. Bg5 e6 7. f4 Be7 8. Qf3 Qb6 9. O-O-O Nc6 10. Nb3 Bd7 11. Bh4 h5 12. h3 Qc7 13. Qg3 b5 14. Bd3 b4 15. Ne2 a5 16. Rhe1 a4 17. Nd2 b3 18. axb3 a3 19. bxa3 Rxa3 20. Kb2 Qa7 21. Ra1 d5 22. e5 Bb4 23. c3 Ne4 24. Bxe4 dxe4 25. cxb4 1-0

[Event "Unisource IV"]
[Site "Montreal CAN"]
[Date "2009.02.27"]
[Round "1"]
[White "Le Duin, Thierry"]
[Black "Weston, Paul"]
[Result "1/2-1/2"]
[WhiteElo "2059"]
[BlackElo "1931"]
[PlyCount "107"]
[GameId "2160767910239938"]
[EventDate "2009.02.27"]
[EventType "tourn"]
[EventRounds "5"]
[EventCountry "CAN"]
[SourceTitle "EXT 2011"]
[Source "ChessBase"]
[SourceDate "2011.11.26"]
[SourceVersion "1"]
[SourceVersionDate "2011.11.26"]
[SourceQuality "1"]

1. d4 d5 2. Nf3 e6 3. c3 f5 4. Bg5 Nf6 5. Nbd2 Be7 6. e3 c6 7. Be2 Nbd7 8. O-O O-O 9. c4 Ne4 10. Bxe7 Qxe7 11. c5 e5 12. Bd3 Nexc5 13. dxc5 e4 14. Nd4 exd3 15. b4 a5 16. a3 axb4 17. axb4 Rxa1 18. Qxa1 Ne5 19. Qc3 f4 20. exf4 Rxf4 21. g3 Rf8 22. f4 Ng4 23. Qxd3 Re8 24. N2f3 Qf6 25. Re1 Rxe1+ 26. Nxe1 Qe7 27. Nef3 h6 28. Qe2 Qxe2 29. Nxe2 Kf7 30. Ned4 Bd7 31. Ne5+ Ke8 32. Nxg4 Bxg4 33. Kg2 h5 34. h3 Bd1 35. Kf2 g6 36. Ke1 Ba4 37. Kd2 Kf7 38. g4 hxg4 39. hxg4 Kf6 40. g5+ Kf7 41. Nf3 Bb5 42. Ne5+ Kg7 43. Ke3 Bf1 44. Kd4 Be2 45. Nd7 Kf7 46. Ke5 Kg7 47. Nb6 Kf7 48. Nc8 Kg7 49. Nd6 Ba6 50. Ke6 d4 51. Ke5 d3 52. Ne4 Kf7 53. Nd2 Ke7 54. Ne4 1/2-1/2

[Event "Unisource IV"]
[Site "Montreal CAN"]
[Date "2009.02.27"]
[Round "1"]
[White "Millette, Sylvain"]
[Black "Deshetres, Michel"]
[Result "0-1"]
[WhiteElo "1695"]
[BlackElo "1688"]
[PlyCount "48"]
[GameId "2160767910239940"]
[EventDate "2009.02.27"]
[EventType "tourn"]
[EventRounds "5"]
[EventCountry "CAN"]
[SourceTitle "EXT 2011"]
[Source "ChessBase"]
[SourceDate "2011.11.26"]
[SourceVersion "1"]
[SourceVersionDate "2011.11.26"]
[SourceQuality "1"]

1. Nf3 Nf6 2. g3 g6 3. c4 Bg7 4. Bg2 O-O 5. O-O d6 6. Nc3 c5 7. d3 Na6 8. e4 e5 9. Bg5 Nc7 10. Nh4 Ne6 11. Be3 Nd4 12. Bxd4 cxd4 13. Nd5 Nxd5 14. cxd5 f5 15. Rc1 f4 16. Nf3 g5 17. h3 h5 18. Nh2 g4 19. hxg4 hxg4 20. Nxg4 Qg5 21. Nh2 fxg3 22. fxg3 Qxg3 23. Rxf8+ Kxf8 24. Qh5 Qe3+ 0-1

[Event "Unisource IV"]
[Site "Montreal CAN"]
[Date "2009.02.27"]
[Round "1"]
[White "O'Connor, Michael"]
[Black "Bedard, Michel"]
[Result "1-0"]
[WhiteElo "1735"]
[BlackElo "1681"]
[PlyCount "91"]
[GameId "2160767910260421"]
[EventDate "2009.02.27"]
[EventType "tourn"]
[EventRounds "5"]
[EventCountry "CAN"]
[SourceTitle "EXT 2011"]
[Source "ChessBase"]
[SourceDate "2011.11.26"]
[SourceVersion "1"]
[SourceVersionDate "2011.11.26"]
[SourceQuality "1"]

1. d4 d5 2. c4 c6 3. Nf3 Nf6 4. Nc3 a6 5. e3 Qc7 6. Qb3 e6 7. Ne5 Nbd7 8. f4 Be7 9. a4 b6 10. a5 Rb8 11. axb6 Rxb6 12. Qa2 Bb4 13. c5 Rb8 14. Bd3 Ne4 15. Bxe4 dxe4 16. O-O Nf6 17. Qa4 Bxc3 18. bxc3 Bb7 19. Bd2 Nd7 20. Nc4 O-O 21. Nd6 Ra8 22. Rfb1 Rfb8 23. c4 Nf6 24. Ba5 Qd7 25. Rb6 Ra7 26. Rab1 Ne8 27. Nxe4 f5 28. Nd2 Rc8 29. Qb3 Ba8 30. Nf3 Nf6 31. Rb8 h6 32. Rxc8+ Qxc8 33. Qb8 Qxb8 34. Rxb8+ Kh7 35. Bb6 Nd7 36. Bxa7 Nxb8 37. Bxb8 a5 38. Bc7 a4 39. Ba5 Bb7 40. Bb4 Ba6 41. Ne5 g5 42. g3 Kg7 43. Kf2 Kf6 44. Ke2 h5 45. Kd3 Bb7 46. Nd7+ 1-0

[Event "Unisource IV"]
[Site "Montreal CAN"]
[Date "2009.02.27"]
[Round "1"]
[White "Pregent, Daniel"]
[Black "Allard, Laurent"]
[Result "1-0"]
[WhiteElo "1839"]
[BlackElo "1775"]
[PlyCount "109"]
[GameId "2160767910260422"]
[EventDate "2009.02.27"]
[EventType "tourn"]
[EventRounds "5"]
[EventCountry "CAN"]
[SourceTitle "EXT 2011"]
[Source "ChessBase"]
[SourceDate "2011.11.26"]
[SourceVersion "1"]
[SourceVersionDate "2011.11.26"]
[SourceQuality "1"]

1. d4 Nf6 2. Nf3 g6 3. c4 Bg7 4. Nc3 d6 5. h3 O-O 6. e4 e5 7. d5 a5 8. Bg5 Na6 9. Nd2 Bd7 10. Bd3 Nc5 11. Bc2 Qc8 12. g4 Kh8 13. Qf3 Ng8 14. O-O-O f6 15. Be3 b6 16. Rdg1 Ne7 17. Qg2 Rb8 18. h4 Rf7 19. g5 f5 20. h5 f4 21. Bxc5 bxc5 22. hxg6 Nxg6 23. Qh2 Bf8 24. Qh5 Rg7 25. Ba4 Bxa4 26. Nxa4 Qb7 27. b3 Qb4 28. Kc2 Be7 29. f3 Rbg8 30. Nc3 Qb8 31. Rh2 Nf8 32. g6 Rxg6 33. Rgh1 R8g7 34. Qh3 Rg1 35. Rxg1 Rxg1 36. Qh5 Qc8 37. Qf7 Rg7 38. Qh5 Qd7 39. Rf2 Ng6 40. Qh1 Bh4 41. Rh2 Qe7 42. Qc1 Qd8 43. Qa3 Qa8 44. Qa4 Be1 45. a3 Bxd2 46. Kxd2 Qb8 47. Nb5 Qb6 48. Nc3 Nf8 49. Qe8 Kg8 50. Nb5 a4 51. Rh5 Rg2+ 52. Kd3 Kg7 53. Rf5 Ng6 54. Rf7+ Kh6 55. Qd7 1-0

[Event "Unisource IV"]
[Site "Montreal CAN"]
[Date "2009.02.27"]
[Round "1"]
[White "Sarrazin-Gendron, Roman"]
[Black "Zhu, Hong Rui"]
[Result "0-1"]
[WhiteElo "1641"]
[BlackElo "1590"]
[PlyCount "146"]
[GameId "2160767910260423"]
[EventDate "2009.02.27"]
[EventType "tourn"]
[EventRounds "5"]
[EventCountry "CAN"]
[SourceTitle "EXT 2011"]
[Source "ChessBase"]
[SourceDate "2011.11.26"]
[SourceVersion "1"]
[SourceVersionDate "2011.11.26"]
[SourceQuality "1"]

1. Nf3 Nf6 2. g3 g6 3. Bg2 Bg7 4. O-O O-O 5. c4 c5 6. Nc3 Nc6 7. b3 b6 8. Bb2 Bb7 9. d3 d6 10. e3 Qd7 11. Qe2 Rfe8 12. Nd5 Nxd5 13. cxd5 Nb8 14. Bxg7 Kxg7 15. Nd2 Qd8 16. f4 Nd7 17. f5 Nf6 18. e4 Qc7 19. g4 Rf8 20. g5 Nd7 21. Qg4 f6 22. h4 Ne5 23. Qg3 Kf7 24. fxg6+ hxg6 25. gxf6 exf6 26. Nf3 Nxf3+ 27. Rxf3 Kg7 28. Bh3 Bc8 29. Kh2 Bxh3 30. Kxh3 Qd7+ 31. Kh2 Rad8 32. Rg1 Qe8 33. Rf4 Kh7 34. Rg4 Rg8 35. Qf3 Qe5+ 36. Kh1 Qe7 37. h5 g5 38. Qf5+ Kh6 39. Rf1 Rdf8 40. Rg2 Qe5 41. Qe6 Qxe6 42. dxe6 Kxh5 43. Rf5 Kg6 44. Rd5 Rd8 45. e7 Rd7 46. Rf2 Rxe7 47. Rxd6 Rf8 48. Rf5 Kg7 49. Kg2 Kg6 50. Rf3 Re5 51. Kg3 Rf7 52. Kg4 Kg7 53. Rf2 Ree7 54. Rf3 Rc7 55. Rf5 Rce7 56. Rf3 Re5 57. a3 Ree7 58. Kh5 Re8 59. Kg4 Rh8 60. d4 Rh4+ 61. Kf5 cxd4 62. Rxd4 Re7 63. Rd5 Rhxe4 64. Rb5 R7e5+ 65. Rxe5 Rxe5+ 66. Kg4 Kg6 67. Rc3 Rd5 68. b4 a5 69. bxa5 Rxa5 70. Rc6 Ra4+ 71. Kg3 Rxa3+ 72. Kg4 Ra4+ 73. Kg3 b5 0-1

[Event "Unisource IV"]
[Site "Montreal CAN"]
[Date "2009.02.27"]
[Round "1"]
[White "Turcotte, Jonathan"]
[Black "Zhang, Zhiyuan"]
[Result "0-1"]
[WhiteElo "1833"]
[BlackElo "1816"]
[PlyCount "106"]
[GameId "2160767910260424"]
[EventDate "2009.02.27"]
[EventType "tourn"]
[EventRounds "5"]
[EventCountry "CAN"]
[SourceTitle "EXT 2011"]
[Source "ChessBase"]
[SourceDate "2011.11.26"]
[SourceVersion "1"]
[SourceVersionDate "2011.11.26"]
[SourceQuality "1"]

1. d4 Nf6 2. c4 e6 3. Nf3 b6 4. g3 Bb7 5. Bg2 c5 6. O-O Be7 7. d5 exd5 8. Nh4 O-O 9. Nf5 d6 10. Nc3 Qd7 11. Nxe7+ Qxe7 12. Nxd5 Bxd5 13. Bxd5 Nxd5 14. Qxd5 Nd7 15. Re1 Nf6 16. Qd3 Rad8 17. e4 d5 18. e5 dxc4 19. Qxc4 Nd5 20. b3 Nb4 21. Ba3 Rd4 22. Qc3 Nc6 23. Re3 Rfd8 24. Rae1 Qe6 25. Bb2 Nb4 26. a3 Nd5 27. Qc1 Nxe3 28. Bxd4 cxd4 29. fxe3 Qxe5 30. exd4 Qxd4+ 31. Qe3 Qd6 32. Qe7 Qd4+ 33. Qe3 Kf8 34. Qxd4 Rxd4 35. Re3 Rd1+ 36. Kg2 Rd2+ 37. Kh3 f6 38. Rc3 Ke7 39. Rc7+ Rd7 40. Rc3 Ke6 41. Kg4 Ke5 42. Kf3 Kd4 43. Rc1 Re7 44. Rc4+ Kd3 45. h4 f5 46. h5 Kd2 47. Rb4 Kc3 48. Rb5 g6 49. hxg6 hxg6 50. Kf4 Re4+ 51. Kf3 Rd4 52. Ke3 Rd3+ 53. Kf4 Kb2 0-1